Statistics for United Kingdom Geography by Letter G - Picture Quiz

Click here to take the quiz!

General Stats

  • This quiz has been taken 331 times
    (251 since last reset)
  • The average score is 10 of 15

Answer Stats

Answer% Correct
Glasgow
99%
{Giants} Causeway
90%
Gibraltar
89%
{Greenwich} Observatory
89%
Glastonbury
86%
National {Gallery}
85%
{Globe} Theatre
80%
John O'{Groats}
77%
Gloucestershire
71%
{Goodison} Park
54%
{Great} {North} Road
45%
Guernsey
44%
Glen Coe
37%
Grampian
35%
Grytviken
4%

Score Distribution

Percentile by Number Answered

Percent of People with Each Score

Your Score History

You have not taken this quiz since the last reset